<?xml version="1.0" encoding="UTF-8"?>
<marc:record xmlns:marc="http://www.loc.gov/MARC21/slim">
   <marc:leader>00000nam a2200000 a 4500</marc:leader>
   <marc:datafield ind1="1" ind2=" " tag="100">
      <marc:subfield code="a">Doyle, Arthur Conan</marc:subfield>
      <marc:subfield code="4">aut</marc:subfield>
      <marc:subfield code="e">Verfasser/-in</marc:subfield>
   </marc:datafield>
   <marc:datafield ind1="0" ind2="0" tag="245">
      <marc:subfield code="a">Das Tal der Angst</marc:subfield>
   </marc:datafield>
   <marc:datafield ind1="0" ind2="0" tag="245">
      <marc:subfield code="b">Roman</marc:subfield>
   </marc:datafield>
   <marc:datafield ind1="0" ind2="0" tag="245">
      <marc:subfield code="c">Arthur Conan Doyle ; neu übersetzt von Henning Ahrens</marc:subfield>
   </marc:datafield>
   <marc:datafield ind1=" " ind2="1" tag="264">
      <marc:subfield code="a">Frankfurt am Main</marc:subfield>
      <marc:subfield code="b">Fischer Taschenbuch</marc:subfield>
      <marc:subfield code="c">2017</marc:subfield>
   </marc:datafield>
   <marc:datafield ind1="1" ind2=" " tag="490">
      <marc:subfield code="a">Sherlock Holmes / Arthur Conan Doyle</marc:subfield>
      <marc:subfield code="v">7</marc:subfield>
   </marc:datafield>
   <marc:datafield ind1=" " ind2=" " tag="250">
      <marc:subfield code="a">1. Auflage</marc:subfield>
   </marc:datafield>
   <marc:datafield ind1="1" ind2=" " tag="520">
      <marc:subfield code="a">VERLAGSTEXT: »Der Fluch unseres Berufes besteht in der Versuchung, auf Grundlage lückenhafter Fakten voreilige Theorien zu entwickeln. Derzeit kann ich nur zwei Tatsachen als gesichert gelten lassen: In London gibt es eine geniale graue Eminenz und in Sussex einen Toten.« In Conan Doyles letztem Roman wird Sherlock Holmes zu dem mysteriösen Mord an Mr. Douglas nach Sussex gerufen. Am Tatort finden er und Dr. Watson Hinweise auf die verbrecherische Freimaurerloge 341 in Pennsylvania und ein rätselhaftes Brandzeichen am Arm des Toten. Aber ist der Tote überhaupt Mr. Douglas? Und welche Rolle spielt Holmes' Erzfeind Professor Moriarty in diesem Fall?</marc:subfield>
   </marc:datafield>
   <marc:datafield ind1=" " ind2=" " tag="020">
      <marc:subfield code="a">9783596035670</marc:subfield>
      <marc:subfield code="9">9783596035670</marc:subfield>
   </marc:datafield>
   <marc:datafield ind1=" " ind2=" " tag="041">
      <marc:subfield code="a">ger</marc:subfield>
   </marc:datafield>
   <marc:datafield ind1="1" ind2=" " tag="521">
      <marc:subfield code="a">0</marc:subfield>
   </marc:datafield>
   <marc:datafield ind1=" " ind2=" " tag="300">
      <marc:subfield code="a">221 Seiten</marc:subfield>
   </marc:datafield>
</marc:record>
